Evropská unie a její strukturální fondy

Požiadavky na uchádzačov o členstvo v Európskej únii. Ďalšie jednania o rozšírení. Problémy s rozdeľovaním finančných prostriedkov v EÚ. Štruktúrne fondy ako pomoc slabším krajinám EÚ. Štyri súčasné štruktúrne fondy: Európsky fond regionálneho rozvoja (ERDF), Európsky sociálny fond (ESF), Európsky o...

Ausführliche Beschreibung

Gespeichert in:
Bibliographische Detailangaben
1. Verfasser: Čížek, Josef
Format: Buchkapitel
Sprache:Tschechisch
Schlagworte:
Tags: Tag hinzufügen
Keine Tags, Fügen Sie das erste Tag hinzu!

MARC

LEADER 00000naa a2200000 4500
001 r034455
005 20230922095555.4
041 0 |a cze 
044 |a CZ 
245 1 0 |a Evropská unie a její strukturální fondy  |c Josef Čížek 
520 |a Požiadavky na uchádzačov o členstvo v Európskej únii. Ďalšie jednania o rozšírení. Problémy s rozdeľovaním finančných prostriedkov v EÚ. Štruktúrne fondy ako pomoc slabším krajinám EÚ. Štyri súčasné štruktúrne fondy: Európsky fond regionálneho rozvoja (ERDF), Európsky sociálny fond (ESF), Európsky orientačný a záručný fond pre poľnohospodárstvo (EAGGF) a Finančný nástroj pre rybolov (FIFG). Poskytovanie finančnej pomoci v súlade s prioritami. Charakteristika jednotlivých priorít a počty obyvateľov členských krajín EÚ, ktorých sa týkajú. Kohézny fond EÚ ako nový finančný nástroj. Rozdeľovanie prostriedkov kohézneho fondu. 
610 2 0 |a fondy štruktúrne 
610 2 0 |a Európska únia 
610 2 0 |a nástroje finančné 
610 2 0 |a pomoc finančná 
610 2 0 |a prostriedky peňažné 
610 2 0 |a fond kohézny 
610 2 0 |a ERDF 
610 2 0 |a ESF 
610 2 0 |a EAGGF 
610 2 0 |a FIFG 
100 1 |a Čížek, Josef